[Event "Irena Warakomska Memorial B"]
[Site "Suwalki"]
[Date "2020.08.09"]
[Round "5"]
[White "Kaminski, Maciej"]
[Black "Ciszewski, Krzysztof"]
[Result "1-0"]
[Board "2"]
[WhiteElo "1840"]
[WhiteCountry "POL"]
[WhiteFideId "1175521"]
[WhiteEloChange "7"]
[BlackElo "1728"]
[BlackCountry "POL"]
[BlackFideId "21853509"]
[BlackEloChange "-7"]

1. d4 {[%clk 1:30:57]} Nf6 {[%clk 1:30:34]} 2. Bf4 {[%clk 1:31:19]} g6 {[%clk
1:28:41]} 3. Nc3 {[%clk 1:31:38]} d5 {[%clk 1:25:59]} 4. e3 {[%clk 1:31:56]} a6
{[%clk 1:24:45]} 5. h4 {[%clk 1:30:37]} h5 {[%clk 1:24:05]} 6. Nf3 {[%clk
1:30:22]} Bg7 {[%clk 1:23:06]} 7. Ne5 {[%clk 1:28:38]} Nbd7 {[%clk 1:07:33]} 8.
Qd2 {[%clk 1:25:21]} c6 {[%clk 1:05:09]} 9. O-O-O {[%clk 1:24:13]} O-O {[%clk
1:03:11]} 10. f3 {[%clk 1:20:57]} Qa5 {[%clk 0:59:41]} 11. e4 {[%clk 1:18:18]}
dxe4 {[%clk 0:58:27]} 12. fxe4 {[%clk 1:17:18]} Nxe5 {[%clk 0:57:52]} 13. Bxe5
{[%clk 1:16:41]} b5 {[%clk 0:55:54]} 14. Bxf6 {[%clk 1:08:01]} Bxf6 {[%clk
0:56:01]} 15. e5 {[%clk 1:08:22]} Bg7 {[%clk 0:55:40]} 16. Kb1 {[%clk 1:07:38]}
Be6 {[%clk 0:52:19]} 17. Nd5 {[%clk 1:02:17]} Qd8 {[%clk 0:49:30]} 18. Nf4 {[%clk
1:02:02]} Bf5 {[%clk 0:44:49]} 19. Be2 {[%clk 1:00:17]} a5 {[%clk 0:36:34]} 20.
Rhf1 {[%clk 0:57:09]} Qd7 {[%clk 0:34:40]} 21. Bf3 {[%clk 0:51:17]} Ra7 {[%clk
0:30:23]} 22. Qe3 {[%clk 0:47:51]} e6 {[%clk 0:24:55]} 23. Bxh5 {[%clk 0:31:57]}
gxh5 {[%clk 0:20:19]} 24. Nxh5 {[%clk 0:30:25]} f6 {[%clk 0:16:41]} 25. exf6
{[%clk 0:28:14]} Bh8 {[%clk 0:14:24]} 26. g4 {[%clk 0:26:48]} Bg6 {[%clk
0:13:37]} 27. Nf4 {[%clk 0:23:23]} Qh7 {[%clk 0:12:43]} 28. Nxg6 {[%clk 0:22:01]}
Qxg6 {[%clk 0:13:11]} 29. Qxe6+ {[%clk 0:20:38]} Raf7 {[%clk 0:12:50]} 30. Rf5
{[%clk 0:19:19]} Bxf6 {[%clk 0:10:56]} 31. Rg5 {[%clk 0:19:29]} Qxg5 {[%clk
0:11:13]} 32. hxg5 {[%clk 0:19:42]} Bxg5 {[%clk 0:11:41]} 33. Qg6+ {[%clk
0:19:06]} Rg7 {[%clk 0:12:10]} 34. Qxc6 {[%clk 0:19:20]} Bd2 {[%clk 0:12:14]} 35.
Qd5+ {[%clk 0:19:29]} Kh7 {[%clk 0:12:31]} 36. Rh1+ {[%clk 0:18:30]} Kg6 {[%clk
0:12:59]} 37. Qh5+ {[%clk 0:17:34]} Kf6 {[%clk 0:13:28]} 38. Rf1+ {[%clk
0:17:45]} Ke7 {[%clk 0:13:57]} 39. Qe5+ {[%clk 0:17:58]} 1-0

[Event "Irena Warakomska Memorial B"]
[Site "Suwalki"]
[Date "2020.08.09"]
[Round "5"]
[White "Milewski, Karol"]
[Black "Kiolbasa, Damian"]
[Result "0-1"]
[Board "4"]
[WhiteElo "1795"]
[WhiteCountry "POL"]
[WhiteFideId "1143085"]
[WhiteEloChange "-5"]
[BlackElo "1973"]
[BlackCountry "POL"]
[BlackFideId "1146688"]
[BlackEloChange "5"]

1. d4 {[%clk 1:30:56]} Nf6 {[%clk 1:30:51]} 2. c4 {[%clk 1:31:08]} g6 {[%clk
1:31:19]} 3. Nc3 {[%clk 1:31:28]} Bg7 {[%clk 1:31:46]} 4. Nf3 {[%clk 1:31:14]}
O-O {[%clk 1:32:12]} 5. Bg5 {[%clk 1:31:01]} d6 {[%clk 1:32:30]} 6. e3 {[%clk
1:30:51]} b6 {[%clk 1:32:49]} 7. Be2 {[%clk 1:29:10]} Bb7 {[%clk 1:33:13]} 8. Qc2
{[%clk 1:29:08]} Nbd7 {[%clk 1:31:38]} 9. O-O {[%clk 1:19:23]} h6 {[%clk
1:28:56]} 10. Bh4 {[%clk 1:18:22]} e5 {[%clk 1:27:54]} 11. dxe5 {[%clk 1:11:20]}
Nxe5 {[%clk 1:25:22]} 12. Nxe5 {[%clk 1:07:33]} dxe5 {[%clk 1:25:49]} 13. Rfd1
{[%clk 1:05:54]} Qe8 {[%clk 1:25:47]} 14. Nd5 {[%clk 1:02:19]} g5 {[%clk
1:21:27]} 15. Bg3 {[%clk 0:51:08]} Rc8 {[%clk 1:20:51]} 16. e4 {[%clk 0:38:33]}
c6 {[%clk 1:10:03]} 17. Ne3 {[%clk 0:35:44]} Qe6 {[%clk 1:09:38]} 18. Rd2 {[%clk
0:30:20]} Rfd8 {[%clk 1:09:32]} 19. Rad1 {[%clk 0:29:55]} Rd4 {[%clk 1:09:51]}
20. f3 {[%clk 0:21:41]} c5 {[%clk 1:00:05]} 21. Nf5 {[%clk 0:17:48]} Nh5 {[%clk
1:00:20]} 22. Bf2 {[%clk 0:16:44]} Nf4 {[%clk 1:00:49]} 23. Bf1 {[%clk 0:17:03]}
Ng6 {[%clk 0:57:19]} 24. a4 {[%clk 0:09:22]} Bf8 {[%clk 0:56:43]} 25. a5 {[%clk
0:09:18]} Ne7 {[%clk 0:54:43]} 26. b4 {[%clk 0:07:18]} Nxf5 {[%clk 0:48:32]} 27.
exf5 {[%clk 0:07:42]} Qf6 {[%clk 0:44:51]} 28. a6 {[%clk 0:04:52]} Bxa6 {[%clk
0:44:00]} 29. b5 {[%clk 0:05:18]} Bb7 {[%clk 0:43:57]} 30. Bxd4 {[%clk 0:05:37]}
exd4 {[%clk 0:43:53]} 31. Bd3 {[%clk 0:05:19]} Bd6 {[%clk 0:36:50]} 32. Be4
{[%clk 0:04:33]} Bxe4 {[%clk 0:33:56]} 33. Qxe4 {[%clk 0:04:50]} Rd8 {[%clk
0:33:16]} 34. Rd3 {[%clk 0:02:44]} h5 {[%clk 0:33:19]} 35. Ra1 {[%clk 0:02:02]}
Bb8 {[%clk 0:33:34]} 36. Re1 {[%clk 0:01:43]} h4 {[%clk 0:25:39]} 37. Re2 {[%clk
0:00:41]} Kf8 {[%clk 0:18:42]} 38. Kf1 {[%clk 0:00:43]} Bxh2 {[%clk 0:18:54]} 39.
Ke1 {[%clk 0:01:05]} Bf4 {[%clk 0:18:51]} 40. Kd1 {[%clk 0:30:53]} Be3 {[%clk
0:48:58]} 41. Ra2 {[%clk 0:25:04]} Re8 {[%clk 0:49:01]} 42. Qd5 {[%clk 0:21:21]}
Re5 {[%clk 0:48:09]} 43. Qa8+ {[%clk 0:17:28]} Kg7 {[%clk 0:48:37]} 44. Rxa7
{[%clk 0:16:48]} Qxf5 {[%clk 0:49:00]} 45. Raa3 {[%clk 0:15:49]} h3 {[%clk
0:49:27]} 46. gxh3 {[%clk 0:14:18]} Qxh3 {[%clk 0:49:45]} 47. Kc2 {[%clk
0:13:01]} Qf1 {[%clk 0:49:41]} 48. Qb8 {[%clk 0:11:12]} Qc1+ {[%clk 0:49:55]} 49.
Kb3 {[%clk 0:11:22]} Qb1+ {[%clk 0:50:19]} 0-1

[Event "Irena Warakomska Memorial B"]
[Site "Suwalki"]
[Date "2020.08.09"]
[Round "5"]
[White "Milanowski, Jan"]
[Black "Ryszkiewicz, Adam"]
[Result "0-1"]
[Board "5"]
[WhiteElo "1787"]
[WhiteCountry "POL"]
[WhiteFideId "1109758"]
[WhiteEloChange "-6"]
[BlackElo "1941"]
[BlackCountry "POL"]
[BlackFideId "1141457"]
[BlackEloChange "6"]

1. d4 {[%clk 1:30:52]} Nf6 {[%clk 1:30:56]} 2. Bf4 {[%clk 1:30:47]} d6 {[%clk
1:30:51]} 3. e3 {[%clk 1:30:57]} g6 {[%clk 1:31:09]} 4. c3 {[%clk 1:31:07]} Bg7
{[%clk 1:31:35]} 5. h3 {[%clk 1:31:03]} O-O {[%clk 1:31:59]} 6. Nf3 {[%clk
1:31:22]} Re8 {[%clk 1:32:11]} 7. Be2 {[%clk 1:31:31]} Nc6 {[%clk 1:31:55]} 8.
O-O {[%clk 1:31:25]} Bf5 {[%clk 1:32:15]} 9. Nbd2 {[%clk 1:31:13]} e5 {[%clk
1:30:05]} 10. Bh2 {[%clk 1:30:10]} e4 {[%clk 1:21:21]} 11. Ne1 {[%clk 1:30:07]}
h5 {[%clk 1:21:10]} 12. b4 {[%clk 1:28:07]} a5 {[%clk 1:12:48]} 13. b5 {[%clk
1:28:13]} Ne7 {[%clk 1:10:47]} 14. c4 {[%clk 1:25:08]} Qd7 {[%clk 1:05:12]} 15.
Rc1 {[%clk 1:23:56]} b6 {[%clk 1:05:14]} 16. a3 {[%clk 1:19:01]} h4 {[%clk
1:00:17]} 17. Nb3 {[%clk 1:16:13]} Rac8 {[%clk 0:58:48]} 18. c5 {[%clk 1:13:18]}
Ned5 {[%clk 0:58:27]} 19. c6 {[%clk 1:08:22]} Qe7 {[%clk 0:52:30]} 20. Nd2 {[%clk
1:07:05]} Kh7 {[%clk 0:45:22]} 21. Nc4 {[%clk 1:06:51]} Bh6 {[%clk 0:45:12]} 22.
Kh1 {[%clk 1:06:05]} Rg8 {[%clk 0:43:38]} 23. Rg1 {[%clk 1:03:38]} Qe6 {[%clk
0:41:12]} 24. Bf1 {[%clk 0:45:54]} g5 {[%clk 0:38:48]} 25. g4 {[%clk 0:45:04]}
hxg3 {[%clk 0:39:12]} 26. Rxg3 {[%clk 0:45:29]} g4 {[%clk 0:38:46]} 27. hxg4
{[%clk 0:36:27]} Nxg4 {[%clk 0:38:31]} 28. Qe2 {[%clk 0:33:43]} Nxh2 {[%clk
0:30:52]} 29. Kxh2 {[%clk 0:34:07]} Bg4 {[%clk 0:31:10]} 30. Qd2 {[%clk 0:23:13]}
f5 {[%clk 0:31:03]} 31. Ng2 {[%clk 0:19:08]} f4 {[%clk 0:20:16]} 32. exf4 {[%clk
0:17:33]} Nxf4 {[%clk 0:20:41]} 33. Nce3 {[%clk 0:05:57]} Nh5 {[%clk 0:13:36]}
34. d5 {[%clk 0:05:23]} Qe5 {[%clk 0:12:02]} 35. Qc3 {[%clk 0:04:10]} Nxg3 {[%clk
0:11:56]} 36. fxg3 {[%clk 0:04:29]} Qh5+ {[%clk 0:11:49]} 37. Kg1 {[%clk
0:04:31]} Bf3 {[%clk 0:11:39]} 38. Qe1 {[%clk 0:01:35]} Rcf8 {[%clk 0:08:48]} 39.
Rc2 {[%clk 0:01:28]} Qh3 {[%clk 0:07:08]} 0-1

[Event "Irena Warakomska Memorial B"]
[Site "Suwalki"]
[Date "2020.08.09"]
[Round "5"]
[White "Zalega, Maciej"]
[Black "Rak, Tomasz"]
[Result "0-1"]
[Board "6"]
[WhiteElo "1715"]
[WhiteCountry "POL"]
[WhiteFideId "21858284"]
[WhiteEloChange "-6"]
[BlackElo "1882"]
[BlackCountry "POL"]
[BlackFideId "1133560"]
[BlackEloChange "6"]

1. e4 {[%clk 1:30:56]} c6 {[%clk 1:30:58]} 2. d4 {[%clk 1:31:18]} d5 {[%clk
1:31:27]} 3. Nc3 {[%clk 1:31:43]} dxe4 {[%clk 1:31:47]} 4. Nxe4 {[%clk 1:32:08]}
Nf6 {[%clk 1:32:11]} 5. Nxf6+ {[%clk 1:32:29]} gxf6 {[%clk 1:32:39]} 6. Bf4
{[%clk 1:31:30]} h5 {[%clk 1:30:14]} 7. Nf3 {[%clk 1:30:03]} h4 {[%clk 1:29:33]}
8. h3 {[%clk 1:28:29]} Bf5 {[%clk 1:25:19]} 9. Bd3 {[%clk 1:27:21]} Nd7 {[%clk
1:25:39]} 10. Bxf5 {[%clk 1:26:49]} Qa5+ {[%clk 1:26:02]} 11. Qd2 {[%clk
1:27:06]} Qxf5 {[%clk 1:26:26]} 12. O-O-O {[%clk 1:24:24]} Nb6 {[%clk 1:25:48]}
13. Kb1 {[%clk 1:19:30]} e6 {[%clk 1:19:41]} 14. Bh2 {[%clk 1:14:10]} a5 {[%clk
1:17:36]} 15. Qd3 {[%clk 1:09:18]} Qd5 {[%clk 1:13:08]} 16. Qb3 {[%clk 0:52:24]}
Ra6 {[%clk 1:03:40]} 17. Rhe1 {[%clk 0:46:31]} a4 {[%clk 1:02:15]} 18. Qxd5
{[%clk 0:46:28]} cxd5 {[%clk 1:02:34]} 19. Bc7 {[%clk 0:32:10]} Na8 {[%clk
0:58:55]} 20. Bf4 {[%clk 0:32:01]} Kd7 {[%clk 0:58:25]} 21. Re3 {[%clk 0:25:44]}
b5 {[%clk 0:56:44]} 22. a3 {[%clk 0:22:48]} b4 {[%clk 0:53:18]} 23. axb4 {[%clk
0:22:57]} Bxb4 {[%clk 0:53:44]} 24. Red3 {[%clk 0:22:39]} Nb6 {[%clk 0:52:27]}
25. Bd2 {[%clk 0:22:16]} Bd6 {[%clk 0:51:26]} 26. Bc1 {[%clk 0:17:33]} Nc4 {[%clk
0:48:05]} 27. Nd2 {[%clk 0:16:49]} Na5 {[%clk 0:48:04]} 28. Nf3 {[%clk 0:12:18]}
Rb6 {[%clk 0:47:24]} 29. Ka2 {[%clk 0:07:35]} Rc6 {[%clk 0:44:39]} 30. Bd2 {[%clk
0:06:31]} Nc4 {[%clk 0:44:06]} 31. Bc3 {[%clk 0:05:27]} Rhc8 {[%clk 0:34:50]} 32.
Nd2 {[%clk 0:02:14]} Na3 {[%clk 0:30:46]} 33. bxa3 {[%clk 0:01:48]} Rxc3 {[%clk
0:31:14]} 34. Rxc3 {[%clk 0:01:30]} Rxc3 {[%clk 0:31:43]} 35. Kb2 {[%clk
0:01:34]} Rc8 {[%clk 0:31:40]} 36. Nf3 {[%clk 0:01:18]} Rb8+ {[%clk 0:31:17]} 37.
Ka2 {[%clk 0:01:40]} Rc8 {[%clk 0:30:27]} 38. Kb2 {[%clk 0:02:06]} Rb8+ {[%clk
0:30:45]} 39. Ka2 {[%clk 0:02:33]} Rh8 {[%clk 0:31:04]} 40. Rb1 {[%clk 0:32:24]}
Kc6 {[%clk 1:01:00]} 41. Rc1 {[%clk 0:25:33]} e5 {[%clk 0:56:26]} 42. dxe5 {[%clk
0:17:51]} fxe5 {[%clk 0:56:23]} 43. c4 {[%clk 0:16:45]} d4 {[%clk 0:55:46]} 44.
c5 {[%clk 0:15:00]} Bc7 {[%clk 0:55:40]} 45. Rc4 {[%clk 0:14:00]} Kb5 {[%clk
0:50:15]} 46. Rb4+ {[%clk 0:13:08]} Kxc5 {[%clk 0:50:10]} 47. Rxa4 {[%clk
0:13:06]} f6 {[%clk 0:49:12]} 48. Kb2 {[%clk 0:12:32]} Bd6 {[%clk 0:46:55]} 49.
Kc2 {[%clk 0:11:05]} Kb5 {[%clk 0:43:04]} 50. Ra7 {[%clk 0:11:19]} Rc8+ {[%clk
0:42:27]} 51. Kd2 {[%clk 0:09:49]} Bc5 {[%clk 0:39:45]} 52. Rf7 {[%clk 0:09:16]}
e4 {[%clk 0:39:17]} 53. Ne1 {[%clk 0:06:17]} Ra8 {[%clk 0:37:58]} 54. Rxf6 {[%clk
0:02:17]} Rxa3 {[%clk 0:38:18]} 55. Re6 Bb4+ {[%clk 0:35:25]} 56. Ke2 d3+ {[%clk
0:35:13]} 57. Nxd3 exd3+ {[%clk 0:35:27]} 58. Ke3 d2+ {[%clk 0:35:05]} 59. Ke2
Ra1 {[%clk 0:35:04]} 60. Re5+ Kc6 {[%clk 0:40:34]} 0-1

[Event "Irena Warakomska Memorial B"]
[Site "Suwalki"]
[Date "2020.08.09"]
[Round "5"]
[White "Kasperczyk, Szymon"]
[Black "Widelski, Kacper"]
[Result "1/2-1/2"]
[Board "7"]
[WhiteElo "1711"]
[WhiteCountry "POL"]
[WhiteFideId "21830231"]
[WhiteEloChange "4"]
[BlackElo "1879"]
[BlackCountry "POL"]
[BlackFideId "1159950"]
[BlackEloChange "-4"]

1. e4 {[%clk 1:26:21]} c5 {[%clk 1:30:45]} 2. Nf3 {[%clk 1:26:23]} g6 {[%clk
1:31:03]} 3. c3 {[%clk 1:26:47]} Bg7 {[%clk 1:31:16]} 4. d4 {[%clk 1:27:11]} cxd4
{[%clk 1:31:41]} 5. cxd4 {[%clk 1:27:30]} d5 {[%clk 1:32:04]} 6. Bb5+ {[%clk
1:27:46]} Bd7 {[%clk 1:28:58]} 7. Bxd7+ {[%clk 1:26:03]} Qxd7 {[%clk 1:28:46]} 8.
e5 {[%clk 1:26:00]} Nh6 {[%clk 1:27:35]} 9. O-O {[%clk 1:24:59]} Nf5 {[%clk
1:26:02]} 10. Nc3 {[%clk 1:22:52]} Nc6 {[%clk 1:23:55]} 11. Re1 {[%clk 1:15:54]}
O-O {[%clk 1:23:17]} 12. Bf4 {[%clk 1:14:30]} e6 {[%clk 1:18:17]} 13. Qd2 {[%clk
1:12:42]} Rac8 {[%clk 1:03:24]} 14. g4 {[%clk 1:07:53]} Nfe7 {[%clk 1:01:48]} 15.
Bh6 {[%clk 1:08:00]} b5 {[%clk 0:51:41]} 16. Bxg7 {[%clk 1:03:45]} Kxg7 {[%clk
0:50:50]} 17. Qg5 {[%clk 1:03:30]} Ng8 {[%clk 0:45:05]} 18. Nxb5 {[%clk 0:59:53]}
h6 {[%clk 0:44:42]} 19. Qe3 {[%clk 0:59:30]} Nb4 {[%clk 0:44:38]} 20. Na3 {[%clk
0:58:53]} Nc2 {[%clk 0:40:58]} 21. Nxc2 {[%clk 0:59:07]} Rxc2 {[%clk 0:41:26]}
22. Re2 {[%clk 0:58:22]} Rfc8 {[%clk 0:40:14]} 23. Ne1 {[%clk 0:57:02]} R2c4
{[%clk 0:40:12]} 24. Nd3 {[%clk 0:54:35]} Qb5 {[%clk 0:39:31]} 25. Rae1 {[%clk
0:43:25]} Ne7 {[%clk 0:35:48]} 26. Rd2 {[%clk 0:37:46]} Nc6 {[%clk 0:35:10]} 27.
Nf4 {[%clk 0:36:11]} Nb4 {[%clk 0:30:43]} 28. Qf3 {[%clk 0:30:05]} Qb7 {[%clk
0:28:39]} 29. b3 {[%clk 0:26:04]} Rc2 {[%clk 0:24:06]} 30. Ree2 {[%clk 0:24:59]}
R8c3 {[%clk 0:23:42]} 31. Nd3 {[%clk 0:19:37]} Rxd2 {[%clk 0:13:38]} 32. Rxd2
{[%clk 0:19:34]} Qb5 {[%clk 0:13:41]} 33. Qf6+ {[%clk 0:19:25]} Kg8 {[%clk
0:13:52]} 34. Nxb4 {[%clk 0:07:23]} Rc1+ {[%clk 0:07:05]} 35. Kg2 {[%clk
0:07:50]} Qf1+ {[%clk 0:05:38]} 36. Kg3 {[%clk 0:07:38]} Qg1+ {[%clk 0:05:39]}
37. Kh3 {[%clk 0:07:07]} Qf1+ {[%clk 0:01:41]} 38. Kg3 {[%clk 0:07:31]} Qg1+
{[%clk 0:02:06]} 39. Kh3 {[%clk 0:07:34]} Qf1+ {[%clk 0:00:57]} 1/2-1/2

[Event "Irena Warakomska Memorial B"]
[Site "Suwalki"]
[Date "2020.08.09"]
[Round "5"]
[White "Sapeta, Robert"]
[Black "Peksa, Zuzanna"]
[Result "1-0"]
[Board "10"]
[WhiteElo "1895"]
[WhiteCountry "POL"]
[WhiteFideId "1118676"]
[WhiteEloChange "2"]
[BlackElo "1146"]
[BlackCountry "POL"]
[BlackFideId "21892318"]
[BlackEloChange "-2"]

1. d4 {[%clk 1:30:23]} d5 {[%clk 1:30:44]} 2. Nc3 {[%clk 1:30:46]} Nf6 {[%clk
1:29:39]} 3. Bg5 {[%clk 1:31:09]} Bf5 {[%clk 1:26:35]} 4. f3 {[%clk 1:31:12]} e6
{[%clk 1:26:31]} 5. e4 {[%clk 1:31:37]} h6 {[%clk 1:18:25]} 6. Bxf6 {[%clk
1:31:40]} Qxf6 {[%clk 1:16:05]} 7. exf5 {[%clk 1:31:58]} Nc6 {[%clk 1:15:32]} 8.
Bb5 {[%clk 1:30:38]} Bd6 {[%clk 1:13:55]} 9. Nge2 {[%clk 1:26:02]} O-O {[%clk
1:13:43]} 10. Qd2 {[%clk 1:22:11]} a6 {[%clk 0:59:21]} 11. Bxc6 {[%clk 1:20:36]}
bxc6 {[%clk 0:59:40]} 12. fxe6 {[%clk 1:14:44]} fxe6 {[%clk 0:59:45]} 13. O-O
{[%clk 1:13:04]} c5 {[%clk 0:57:21]} 14. dxc5 {[%clk 1:08:00]} Bxc5+ {[%clk
0:55:36]} 15. Kh1 {[%clk 1:08:24]} Rab8 {[%clk 0:50:19]} 16. Rab1 {[%clk
1:05:38]} Qg6 {[%clk 0:48:04]} 17. Qd3 {[%clk 1:02:47]} Qh5 {[%clk 0:46:56]} 18.
f4 {[%clk 1:00:43]} Rf6 {[%clk 0:41:16]} 19. Rf3 {[%clk 0:46:52]} Rbf8 {[%clk
0:40:18]} 20. Rbf1 {[%clk 0:46:36]} a5 {[%clk 0:33:18]} 21. Nb5 {[%clk 0:38:26]}
Bb6 {[%clk 0:30:44]} 22. c4 {[%clk 0:30:41]} c6 {[%clk 0:27:20]} 23. Nbc3 {[%clk
0:27:42]} Qh4 {[%clk 0:22:11]} 24. Na4 {[%clk 0:21:14]} Bc7 {[%clk 0:21:29]} 25.
g3 {[%clk 0:19:51]} Qg4 {[%clk 0:20:13]} 26. Kg2 {[%clk 0:19:26]} Kh8 {[%clk
0:19:25]} 27. Nc5 {[%clk 0:17:22]} e5 {[%clk 0:17:19]} 28. h3 {[%clk 0:10:03]}
Qh5 {[%clk 0:14:28]} 29. fxe5 {[%clk 0:09:34]} dxc4 {[%clk 0:13:08]} 30. exf6
{[%clk 0:08:27]} cxd3 {[%clk 0:12:46]} 31. fxg7+ {[%clk 0:08:50]} Kxg7 {[%clk
0:13:04]} 32. Ne6+ {[%clk 0:09:14]} Kg6 {[%clk 0:12:55]} 33. Nxf8+ {[%clk
0:09:29]} Kg7 {[%clk 0:12:52]} 34. Ne6+ {[%clk 0:09:48]} Kg6 {[%clk 0:12:47]} 35.
N6f4+ {[%clk 0:07:31]} Bxf4 {[%clk 0:13:07]} 36. Nxf4+ {[%clk 0:07:55]} Kg7
{[%clk 0:13:21]} 37. Ne6+ {[%clk 0:07:55]} Kh7 {[%clk 0:13:21]} 1-0

[Event "Irena Warakomska Memorial B"]
[Site "Suwalki"]
[Date "2020.08.09"]
[Round "5"]
[White "Siekanska, Zuzanna"]
[Black "Czech, Mieczyslaw"]
[Result "1/2-1/2"]
[Board "11"]
[WhiteElo "1633"]
[WhiteCountry "POL"]
[WhiteFideId "21852537"]
[WhiteEloChange "6"]
[BlackElo "1863"]
[BlackCountry "POL"]
[BlackFideId "1118862"]
[BlackEloChange "-6"]

1. d4 {[%clk 1:30:55]} d5 {[%clk 1:30:48]} 2. c4 {[%clk 1:31:20]} e6 {[%clk
1:29:53]} 3. Nc3 {[%clk 1:31:43]} Nf6 {[%clk 1:29:14]} 4. cxd5 {[%clk 1:32:07]}
exd5 {[%clk 1:29:40]} 5. Bg5 {[%clk 1:32:25]} Be7 {[%clk 1:28:11]} 6. e3 {[%clk
1:32:27]} c6 {[%clk 1:28:33]} 7. Bd3 {[%clk 1:32:36]} O-O {[%clk 1:26:35]} 8. Qc2
{[%clk 1:32:47]} Nbd7 {[%clk 1:26:41]} 9. Nf3 {[%clk 1:33:02]} Re8 {[%clk
1:26:04]} 10. O-O {[%clk 1:33:21]} Nf8 {[%clk 1:24:00]} 11. h3 {[%clk 1:33:32]}
Be6 {[%clk 1:23:19]} 12. Rab1 {[%clk 1:33:02]} a5 {[%clk 1:22:15]} 13. a3 {[%clk
1:31:18]} N6d7 {[%clk 1:21:43]} 14. Bf4 {[%clk 1:31:13]} Rc8 {[%clk 1:20:19]} 15.
b4 {[%clk 1:27:15]} axb4 {[%clk 1:15:59]} 16. axb4 {[%clk 1:27:37]} Ng6 {[%clk
1:15:02]} 17. Bh2 {[%clk 1:27:43]} b5 {[%clk 1:06:40]} 18. Ne5 {[%clk 1:14:36]}
Ndxe5 {[%clk 1:03:55]} 19. dxe5 {[%clk 1:14:55]} Qb6 {[%clk 0:57:18]} 20. Kh1
{[%clk 1:09:42]} Nf8 {[%clk 0:55:23]} 21. Qe2 {[%clk 0:57:37]} f5 {[%clk
0:44:44]} 22. exf6 {[%clk 0:53:36]} Bxf6 {[%clk 0:44:58]} 23. Qd2 {[%clk
0:52:25]} Qd8 {[%clk 0:41:26]} 24. Ne2 {[%clk 0:51:09]} Qe7 {[%clk 0:40:13]} 25.
Nd4 {[%clk 0:48:00]} Bd7 {[%clk 0:39:37]} 26. Nf5 {[%clk 0:44:22]} Bxf5 {[%clk
0:38:56]} 27. Bxf5 {[%clk 0:44:48]} Ra8 {[%clk 0:38:42]} 28. Rfc1 {[%clk
0:41:49]} Qb7 {[%clk 0:35:03]} 29. Qc2 {[%clk 0:39:58]} Ra6 {[%clk 0:34:48]} 30.
Bd6 {[%clk 0:39:41]} g6 {[%clk 0:31:43]} 31. Bg4 {[%clk 0:39:38]} Nd7 {[%clk
0:28:37]} 32. Bxd7 {[%clk 0:31:19]} Qxd7 {[%clk 0:29:00]} 33. Bc5 {[%clk
0:30:56]} Re4 {[%clk 0:28:15]} 34. Rd1 {[%clk 0:24:43]} Rc4 {[%clk 0:28:02]} 35.
Qe2 {[%clk 0:23:48]} Qe6 {[%clk 0:27:24]} 36. Qf3 {[%clk 0:22:32]} Ra2 {[%clk
0:26:56]} 37. Ra1 {[%clk 0:20:57]} Rcc2 {[%clk 0:26:29]} 38. Qf4 {[%clk 0:18:47]}
Qe5 {[%clk 0:25:15]} 39. Rxa2 {[%clk 0:16:42]} Rxa2 {[%clk 0:23:05]} 40. Qg4
{[%clk 0:42:34]} Qf5 {[%clk 0:53:13]} 41. Qxf5 {[%clk 0:41:49]} gxf5 {[%clk
0:53:40]} 42. Kg1 {[%clk 0:39:30]} Kf7 {[%clk 0:53:30]} 43. g3 {[%clk 0:38:52]}
Ke6 {[%clk 0:53:16]} 44. Kg2 {[%clk 0:39:02]} Rc2 {[%clk 0:51:07]} 45. Kf3 {[%clk
0:35:58]} h5 {[%clk 0:50:30]} 46. Rg1 {[%clk 0:35:09]} Rd2 {[%clk 0:44:48]} 47.
Rc1 {[%clk 0:33:25]} Kd7 {[%clk 0:44:46]} 48. Re1 {[%clk 0:31:48]} Ke6 {[%clk
0:42:29]} 49. Rc1 {[%clk 0:31:57]} Kd7 {[%clk 0:42:39]} 50. Re1 {[%clk 0:32:04]}
Ke6 {[%clk 0:42:52]} 51. Rc1 {[%clk 0:32:28]} 1/2-1/2

[Event "Irena Warakomska Memorial B"]
[Site "Suwalki"]
[Date "2020.08.09"]
[Round "5"]
[White "Kaznowska, Weronika"]
[Black "Cwiek, Stefan"]
[Result "1/2-1/2"]
[Board "15"]
[WhiteElo "1594"]
[WhiteCountry "POL"]
[WhiteFideId "21816719"]
[WhiteEloChange "-6"]
[BlackElo "1349"]
[BlackCountry "POL"]
[BlackFideId "21857628"]
[BlackEloChange "6"]

1. d4 {[%clk 1:30:30]} d5 {[%clk 1:30:30]} 2. c4 {[%clk 1:30:30]} e6 {[%clk
1:30:30]} 3. Nc3 {[%clk 1:30:30]} Nf6 {[%clk 1:30:30]} 4. Bf4 {[%clk 1:30:30]} c5
{[%clk 1:30:30]} 5. cxd5 {[%clk 1:30:30]} Nxd5 {[%clk 1:30:30]} 6. Nxd5 {[%clk
1:30:30]} exd5 {[%clk 1:30:30]} 7. Nf3 {[%clk 1:30:30]} Nc6 {[%clk 1:30:30]} 8.
dxc5 {[%clk 1:30:30]} Bxc5 {[%clk 1:30:30]} 9. Qc2 {[%clk 1:30:30]} Qb6 {[%clk
1:30:30]} 10. e3 {[%clk 1:30:30]} Nb4 {[%clk 1:30:30]} 11. Qb3 {[%clk 1:30:30]}
Bf5 {[%clk 1:30:30]} 12. Rc1 {[%clk 1:30:30]} O-O {[%clk 1:30:30]} 13. Be2 {[%clk
1:30:30]} Nc2+ {[%clk 1:30:30]} 14. Kd1 {[%clk 1:30:30]} Qxb3 {[%clk 1:30:30]}
15. axb3 {[%clk 1:30:30]} Rac8 {[%clk 1:30:30]} 16. Nh4 {[%clk 1:30:30]} Be4
{[%clk 1:30:30]} 17. Bf3 {[%clk 1:30:30]} Bxf3+ {[%clk 1:30:30]} 18. Nxf3 {[%clk
1:30:30]} Nb4 {[%clk 1:30:30]} 19. Ke2 {[%clk 1:30:30]} Na6 {[%clk 1:30:30]} 20.
Rhd1 {[%clk 1:30:30]} Rfd8 {[%clk 1:30:30]} 21. Rd2 {[%clk 1:30:30]} f6 {[%clk
1:30:30]} 22. Rdc2 {[%clk 1:30:30]} b6 {[%clk 1:30:30]} 1/2-1/2